Statistics for Countries Bordering the Mediterranean - Map Quiz

Click here to take the quiz!

General Stats

  • This quiz has been taken 29,075 times
    (29,034 since last reset)
  • The average score is 20 of 22

Answer Stats

Answer % Correct
Italy
99%
France
98%
Spain
98%
Greece
95%
Turkey
95%
Egypt
95%
Morocco
94%
Monaco
92%
Tunisia
92%
Cyprus
92%
Syria
91%
Malta
91%
Libya
91%
Israel
90%
Algeria
90%
Croatia
89%
Lebanon
88%
Slovenia
85%
Palestinian
Territories
82%
Bosnia and
Herzegovina
82%
Albania
80%
Montenegro
78%

Score Distribution

Percentile by Number Answered

Percent of People with Each Score

Your Score History

You have not taken this quiz since the last reset